| 000 | 00584nam a22001817a 4500 | ||
|---|---|---|---|
| 003 | UA-OsUOA | ||
| 001 | 15148 | ||
| 007 | ta | ||
| 008 | 20031102b un ||||| |||| 00| 0 ukr d | ||
| 100 | _aМирончук М. | ||
| 942 | _cSA | ||
| 040 |
_aUA-OsUOA _cUA-OsUOA _dUA-OsUOA |
||
| 245 |
_aСяйво минулого _b[Про вист. "Старе місто", що діє в Рівнен. обл. краєзн. музеї з 1993 р.] |
||
| 300 | _aС.5 | ||
| 955 | _a0 | ||
| 773 | 0 |
_w0 _tСім днів _dРівне _d2003 _g№34/22 серп./ |
|
| 650 | 7 |
_aВиставки _2UDC |
|
| 999 |
_c301313 _d301313 |
||